00464nam a2200181 a 4500001001300000003000900013005001700022008004100039020002300080082001700103100001100120245002800131260005000159300001000209500003500219650001700254700001100271nice12345678IN_TiNIC20260116014413.0140911s2006 puna grp 000 0 eng  a9788172612023c39000a291.4bOSH30 aOsho,  aAbove All, Don`t Wobble aPune, India bOsho Media International c2006 a319p  aincludes index and biblioraphy aSpirituality1 aOsho,